Les académiciens de Star Académie 2022 - Statistiques

Statistiques générales
  • Ce quiz a été pris 50 fois
  • Le résultat moyen est 6 sur 15
Statistiques - réponses
Candidats % Correct
Julien Charbonneau
97%
Audrey-Louise Beauséjour
42%
Édouard Lagacé
42%
Eloi Cummings
42%
Jérémy Plante
42%
Mathieu Rheault
42%
Olivier Bergeron
42%
Camélia Zaki
39%
Gaelle Khoueiry-Jaber
39%
Krystel Mongeau
39%
Yannick Bissonnette Powell
39%
Laurie Déchène
35%
Marily Dorion
35%
Sandrine Hébert
35%
Sarah-Maude Desgagné
32%
Aucun quiz correspondant
Distribution des résultats
% des personnes avec chaque résultat
Percentile par nombre de réponses
Votre historique - résultats
Vous n’avez pas pris ce quiz